La pobreza de Clío (Registro nro. 2412)

Detalles MARC
000 -LEADER
fixed length control field 01064 a2200229 4500
001 - CONTROL NUMBER
control field 34020
005 - DATE AND TIME OF LATEST TRANSACTION
control field 20260407155630.0
008 - FIXED-LENGTH DATA ELEMENTS--GENERAL INFORMATION
fixed length control field 260407a2013 arg spa d
003 - CONTROL NUMBER IDENTIFIER
control field AR-UNSa-BCEJYS
040 ## - CATALOGING SOURCE
Original cataloging agency AR-UNSa-BCEJYS
Language of cataloging spa
Transcribing agency AR-UNSa-BCEJYS
080 ## - UNIVERSAL DECIMAL CLASSIFICATION NUMBER
Universal Decimal Classification number 330.87
Common auxiliary subdivision Doctrinas económicas de derecho social, solidarista, corporativa, religiosa, cooperativa, antroposófica, colectivista (economía social...)
020 ## - INTERNATIONAL STANDARD BOOK NUMBER
International Standard Book Number 978-84-9892-527-2
041 ## - LANGUAGE CODE
Language code of text/sound track or separate title spa
100 1# - MAIN ENTRY--PERSONAL NAME
Personal name Boldizzoni, Francesco
245 10 - TITLE STATEMENT
Title La pobreza de Clío
264 #1 - PRODUCTION, PUBLICATION, DISTRIBUTION, MANUFACTURE, AND COPYRIGHT NOTICE
Place of production, publication, distribution, manufacture Barcelona :
Name of producer, publisher, distributor, manufacturer Crítica
Date of production, publication, distribution, manufacture, or copyright notice 2013
300 ## - PHYSICAL DESCRIPTION
Extent 350 p.
Dimensions 23 cm.
505 ## - FORMATTED CONTENTS NOTE
Formatted contents note 1. La verdad en la cruz. Ciencia e ideología - 2. ¿Economía con rostro humano? - 3. El fantasioso mundo de Clío - 4. El mundo que perdimos. Historia microeconómica - 5. El mundo que perdimos. Perspectivas macroeconómicas - 6. Construir a partir del pasado
590 ## - LOCAL NOTE (RLIN)
Local note niveau_biblio:m niveau_hierar:0
856 41 - ELECTRONIC LOCATION AND ACCESS
Uniform Resource Identifier <a href="https://biblioeco.unsa.edu.ar/pmb/images/libros/la_pobreza_de_clio.jpg">https://biblioeco.unsa.edu.ar/pmb/images/libros/la_pobreza_de_clio.jpg</a>
Link text Imagen de portada
Electronic format type image/jpeg
942 ## - ADDED ENTRY ELEMENTS (KOHA)
Koha item type
Existencias
Withdrawn status Lost status Damaged status Not for loan Home library Current library Shelving location Date acquired Total checkouts Full call number Barcode Date last seen Price effective from Koha item type
        Biblioteca Prof. Eusebio Cleto del Rey Biblioteca Prof. Eusebio Cleto del Rey   07/04/2026   330.87 B687 L125408 07/04/2026 07/04/2026 Libro
        Biblioteca Prof. Eusebio Cleto del Rey Biblioteca Prof. Eusebio Cleto del Rey   07/04/2026   330.87 B687 L125409 07/04/2026 07/04/2026 Libro